The Cambridge handbook of multimedia learning

Guardat en:
Dades bibliogràfiques
Autor principal: Mayer, Richard E. (autor)
Format: Llibre
Idioma:anglès
Publicat: Nueva York Cambridge University Press 2005
Matèries:
Etiquetes: Afegir etiqueta
Sense etiquetes, Sigues el primer a etiquetar aquest registre!

MARC

LEADER 00000cam a2200000 a 4500
001 UCF2649
003 CL-VaPUC
008 120830e20050000US |||||||||||||||||eng|d
020 |a 9780521547512 
082 0 4 |a 371.334  |b MAY  |2 21 
100 |a Mayer, Richard E.  |e autor  |9 594243 
245 1 4 |a The Cambridge handbook of multimedia learning 
300 |a 663 p 
942 |c BK 
945 |d 20120830 00:00:00  |a dcastane 
260 |a Nueva York  |b Cambridge University Press  |c 2005 
650 0 |a Proceso de datos   |9 259776 
650 7 |a MULTIMEDIA  |2 CL-VaPUC  |9 373746 
650 0 |a Métodos de enseñanza  |9 270413 
583 |a last modification  |c 20120830 10:25:00  |k Rodrigo Vera 
999 |c 349190  |d 349188 
952 |0 0  |1 0  |4 0  |6 371_334000000000000_MAY_2005  |7 0  |8 A  |9 451679  |a FDOPOS  |b FDOPOS  |d 2019-11-22  |i 4897609  |o 371.334 MAY 2005  |p 4897609  |r 2025-01-22  |w 2019-11-22  |y BK  |k DLA